Finančná kontrola
Gespeichert in:
| 1. Verfasser: | |
|---|---|
| Körperschaft: | |
| Weitere Verfasser: | , |
| Format: | Buch |
| Sprache: | Slowakisch |
| Veröffentlicht: |
Bratislava
Sprint dva
2011
|
| Schriftenreihe: | Economics
|
| Schlagworte: | |
| Tags: |
Keine Tags, Fügen Sie das erste Tag hinzu!
|
MARC
| LEADER | 00000nam a2200000 4500 | ||
|---|---|---|---|
| 001 | 0126620 | ||
| 005 | 20240226122327.9 | ||
| 020 | |a 978-80-89393-40-4 | ||
| 041 | 0 | |a slo | |
| 044 | |a SK | ||
| 245 | 1 | 0 | |a Finančná kontrola |c Michal Oláh, Ľubomír Šidelský, Ľuboš Cibák |
| 264 | 1 | |a Bratislava |b Sprint dva |c 2011 | |
| 300 | |a 240 s. | ||
| 490 | 1 | |a Economics | |
| 830 | 0 | |a Economics | |
| 610 | 2 | 0 | |a financie verejné |
| 610 | 2 | 0 | |a sektor verejný |
| 610 | 2 | 0 | |a kontrola finančná |
| 610 | 2 | 0 | |a riadenie podnikové |
| 610 | 2 | 0 | |a riadenie finančné |
| 610 | 2 | 0 | |a samospráva |
| 610 | 2 | 0 | |a obstarávanie verejné |
| 610 | 2 | 0 | |a audit |
| 610 | 2 | 0 | |a Európska únia |
| 610 | 2 | 0 | |a Slovensko |
| 100 | 1 | |a Oláh, Michal | |
| 700 | 1 | |a Šidelský, Ľubomír | |
| 700 | 1 | |a Cibák, Ľuboš | |
| 710 | 2 | |a Vysoká škola ekonómie a manažmentu verejnej správy v Bratislave | |